000
00459nam a2200133Ia 4500
008
100328s9999 xx 000 0 und d
082
_b
5605
100
_a
शिंदे शांताराम रामचंद्र
245
_a
संभाषणाची कला
260
_b
किर्लोस्कर प्रेस
630
_a
संभाषणाची कला
730
_a
संभाषणाची कला
942
_c
BOOK
999
_c
501593
_d
501590